1010 1469 1568 1436 1442 1132 1370 1851 1469 1862 1015 1763 1574 1721 1982 1164 1266 1693 1662 1720 1669 1922 1103 1162 1775 1397 1470 1948 1196 1953 1480 1171 1751 1581 1995 1517 1152 1703 1210 1829 1890 1775 1385 1404 1391 1761 1474 1618 1797 1637 1500 1455 1592 1909 1022 1787 1962 1271 1284 1929 1031 1547 1621 1729 1363 1209 1519 1515 1821 1913 1160 1755 1261 1469 1700 1220 1087 1236 1932 1126 1330 1158 1999 1959 1097 1663 1570 1380 1444 1376 1247 1875 1364 1043 1075 1591 1504 1253 1422 BCNSPRNW ULIB Ver.6.0+V

เปลี่ยนเป็นภาษาไทย

Change to English
 แสดงรายละเอียดบรรณานุกรม
  กลับหน้าหลัก

Brief Record : Get Marc (ISO 2709) : E-mail record : QR code < ปิดหน้าต่าง
LEADER : 00000nam 2200000uu 4500
001    13399122340
003     ULIB
008    120822s2540||||th 000 0 tha d
020    ^a9746560425
060 04 ^aWP145^bจ136ม
100 0  ^aจตุพร ศรีสมบุรณ์
245 00 ^aมะเร็งนรีเวชวิทยา =^bGynecologic oncology /^cจตุพร ศรีสมบุรณ์, ชำนาญ เกียรติพีรกุล, บรรณาธิการ
246 31 ^aGynecologic Oncology
250    ^aพิมพ์ครั้งที่ 1
260    ^aกรุงเทพฯ :^bราชวิทยาลัยสูตินรีแพทย์แห่งประเทศไทย,^c2540
300    ^a[18], 468 หน้า :^bภาพประกอบ ;^c30 ซม.
500    ^aมีดรรชนี
650  2 ^aGenital Neoplasms, Female
650  4 ^aอวัยวะสืบพันธุ์หญิง^xมะเร็ง
650  4 ^aมะเร็ง
650  4 ^aโรคทางนรีเวช
650  4 ^aอวัยวะสืบพันธุ์, เนื้องอก
650  4 ^aอวัยวะสืบพันธุ์, โรค
650  4 ^aอวัยวะสืบพันธุ์หญิง, เนื้องอก
650  4 ^aอวัยวะสืบพันธุ์หญิง^xมะเร็ง
700 0  ^aชำนาญ เกียรติพีรกุล,^eบรรณาธิการ
710 2  ^aราชวิทยาลัยสูตินรีแพทย์แห่งประเทศไทย
995    ^aเกษร
999 ^a ใช้งานได้ทุกระบบ
รายการนี้ยังไม่มีแท็ก
คุณยังไม่ได้ล็อกอิน คุณสามารถมีกิจกรรมร่วมกับเว็บไซต์ได้ แต่ต้องล็อกอินก่อน ::
  ล็อกอิน

รายการสื่อสารสนเทศ

ลำดับที่ ประเภท เลขเรียก/บาร์โค้ด สถานที่ สถานะ
- ไม่พบข้อมูล -

รายการใกล้เคียง
    ผู้แต่ง [จตุพร ศรีสมบุรณ์]

    หัวเรื่อง [Genital Neoplasms, Female]
    หัวเรื่อง [มะเร็ง]
    หัวเรื่อง [โรคทางนรีเวช]
    หัวเรื่อง [อวัยวะสืบพันธุ์, เนื้องอก]
    หัวเรื่อง [อวัยวะสืบพันธุ์, โรค]
    หัวเรื่อง [อวัยวะสืบพันธุ์หญิง, เนื้องอก]

BibComment


ยังไม่เคยถูกคอมเมนท์

คอมเมนท์ทรัพยากรรายการนี้
  คอมเมนท์: มะเร็งนรีเวชวิทย..


 Copyright 2026. Bcnsprnw @Library